Seventy five years of rubber research in Sri Lanka (Record no. 68618)

MARC details
000 -LEADER
fixed length control field 00383nam a2200121Ia 4500
100 ## - MAIN ENTRY--AUTHOR NAME
Personal name Peries O S
245 #0 - TITLE STATEMENT
Title Seventy five years of rubber research in Sri Lanka
260 ## - PUBLICATION, DISTRIBUTION, ETC. (IMPRINT)
Name of publisher Proceedings of the International Rubber Conference, Colombo, 1984, V1. Part 2; p721-723
650 ## - SUBJECT ADDED ENTRY--TOPICAL TERM
Topical Term Rubber research
650 ## - SUBJECT ADDED ENTRY--TOPICAL TERM
Topical Term Sri Lanka
942 ## - ADDED ENTRY ELEMENTS (KOHA)
Koha item type Journals
Holdings
Withdrawn status Lost status Damaged status Not for loan Home library Current library Shelving location Date acquired Koha item type
      Journals RRII Library RRII Library Rubber general 17/12/2021 Journals